Fiber optic communication / (Record no. 13348)
[ view plain ]
| 000 -LEADER | |
|---|---|
| fixed length control field | 00393cam a2200157ua 4500 |
| 041 ## - LANGUAGE CODE | |
| Language code of text/sound track or separate title | eng |
| 082 ## - DEWEY DECIMAL CLASSIFICATION NUMBER | |
| Classification number | 621.3692 |
| Item number | PAL/FI |
| 100 ## - MAIN ENTRY--AUTHOR NAME | |
| Personal name | Palais, Joseph C . |
| 245 ## - TITLE STATEMENT | |
| Title | Fiber optic communication / |
| 250 ## - EDITION STATEMENT | |
| Edition statement | 5 / |
| 260 ## - PUBLICATION, DISTRIBUTION, ETC. (IMPRINT) | |
| Place of publication | : |
| Name of publisher | Pearson Education Asia , |
| Year of publication | 2005. |
| 300 ## - PHYSICAL DESCRIPTION | |
| Number of Pages | 340 ; . |
| 942 ## - ADDED ENTRY ELEMENTS (KOHA) | |
| Koha item type | Books |
| Withdrawn status | Lost status | Damaged status | Home library | Current library | Date acquired | Cost, normal purchase price | Full call number | Accession Number | Koha item type |
|---|---|---|---|---|---|---|---|---|---|
| Withdrawn | KAUAET | KAUAET | 07/04/2012 | 225.00 | 621.3692 | 21923 | Books |
